Quiz sur les Chevaliers d'Émeraude #1 - Statistiques

Statistiques générales
  • Ce quiz a été pris 248 fois
  • Le résultat moyen est 8 sur 15
Statistiques - réponses
Énoncé Réponse % Correct
Maître de Kira lorsqu'elle est Écuyer Bridgess
86%
Meilleur ami d'Hadrian d'Argent Onyx
86%
Mari de Kira Sage
84%
Époux de Bridgess Wellan
84%
Père de Kira Amecareth
75%
Sorcier ayant tué Cameron Asbeth
72%
Plus jeune Chevalier appartenant à la première génération Jasson
66%
Titre de tome 1 Le feu dans le ciel
64%
Royaume d'où vient Swan Opale
63%
Royaume où se déroule la première bataille de la deuxième incantation des Chvaliers d'Émeraude Zénor
43%
Royaume d'où vient ce dernier Perle
30%
Sorcier-Requin de l'Empereur Noir Sélace
30%
Premier Écuyer de Bergeau Buchanan
28%
Roi de ce pays dans le cinquième tome Vail
13%
Deuxième Écuyer de Santo Hettrick
10%
Aucun quiz correspondant
Distribution des résultats
% des personnes avec chaque résultat
Percentile par nombre de réponses
Votre historique - résultats
Vous n’avez pas pris ce quiz